000 01645cam a22004574i 4500
003 PE-LiUPU
005 20250731184529.0
008 150623s r 000 0 d
020 _a069101096X
035 _a(Sirsi) i9780691010960
040 _aPE-LiUPU
_bspa
_cPE-LiUPU
_erda
049 _aPRUA
082 0 4 _a932.022
_bB15
_221
100 1 _aBagnall, Roger S.,
_eautor.
245 1 0 _aEgypt in late antiquity /
_cRoger S. Bagnall.
264 1 _aPrinceton, New Jersey :
_bPrinceton University Press,
_c1993.
300 _a370 páginas :
_bilustraciones, láms. ;
_c24 centímetros
336 _atext
_2rdacontent
337 _aunmediated
_2rdamedia
338 _avolume
_2rdacarrier
505 0 _aThe environment. -The cities. -Country villages. -City and country. -People and families. -Power and dependence. -Languages, literacy, and ethnicity. -This world and the next. -A mediterranean society. -Appendix.
526 _aP136
526 _aP135
526 _aP134
526 _aP133
526 _aP144
526 _aP143
526 _aP87
526 _aP35
526 _aP20
526 _aP14
526 _aP10
526 _aP06
650 0 4 _aEgipto
_xCivilización
_y332 a. C.-638 d. de JC.
942 _2ddc
_cBOOK
949 _a932.022 B15
_wDEWEY
_c1
_i44875
_lCCODEBUL1
_mBUL
_r0
_sY
_tBOOK
_u2015-6-24
_xTEOLOGIA
_PP35
_0COMPRA
_o.STAFF. Colección General
994 _aC0
_bPEPRU
596 _a1
999 _a932.022 B15
_wDEWEY
_c21751
_i44875
_f2021-11-11
_g5
_lCCODEBUL1
_mBUL
_r0
_sY
_tBOOK
_u2015-6-24
_xTEOLOGIA
_PP35
_0COMPRA
_o.STAFF. Colección General
_d21751
980 _81
_gALBERTO SANCHEZ Responsable de Automatización